000 00769nam a2200253 a 4500
001 BRL_180
005 20190320210625.0
008 850515s1981 mx-#######---#000-0#spa-#
040 _aDLC
_cDLC
_dDLC
050 4 _aF1219.1.C45
_b.G84 1981
245 1 0 _aLa guerra de castas
_crecopilación de Juan Jaime Manguen, Irma Montesinos.
250 _a3
260 _aChiapas
_bUNACH
_c1981
300 _a97 p.
_c22 cm.
440 0 _aHistoria de Chiapas
_923141
500 _aAu257
650 1 4 _aIndígenas de México
_xHistoria
_zChiapas
_923142
650 1 4 _aIndígenas de México
_xGuerras
_zMéxico
_923143
651 4 _aChiapas (México)
_xHistoria
_923144
700 1 _aManguen, Juan Jaime
_923145
700 1 _aMontesinos, Irma
_923146
902 _aGRL
942 _2lcc
_cB
999 _c8993
_d8993